| 000 | 00779nam a2200241 a 4500 | ||
|---|---|---|---|
| 001 | BRCA_5562 | ||
| 005 | 20190320205131.0 | ||
| 008 | 180211s1946----sp-a######---#001-0#spa-# | ||
| 041 | _aspa | ||
| 044 | _asp | ||
| 050 | 4 |
_aNK2270 _b.F43 1946 |
|
| 100 | 1 |
_aFeduchi, Luis M. _911958 |
|
| 245 | 1 | 0 |
_aHistoria del mueble _cLuis M. Feduchi ; prólogo del Marqués de Lozoya. |
| 260 |
_aMadrid _bA. Aguado _c1946 |
||
| 300 |
_a236 p. _bil. (algunas a color), 1085 láminas _c28 cm. |
||
| 500 | _aIncluye índice analítico | ||
| 500 | _aLibro restaurado, edición con cantos dorados | ||
| 500 | _aF37 | ||
| 650 | 1 | 4 |
_aMuebles _xHistoria _94173 |
| 700 | 1 |
_aContreras y López de Ayala, Juan de _cMarqués de Lozoya _d1893-1978 _eProloguista _914193 |
|
| 902 | _aGFM | ||
| 942 |
_2lcc _cB |
||
| 999 |
_c5256 _d5256 |
||